000 01252nam0a2200349 i 4500
001 RU\NLR\BIBL_A\010026787
005 20241114220717.0
010 _a9785699662050
_94000
021 _aRU
_b2013-76666
_9777д/13
035 _a(NILC)RuMoRGB-006692849
035 _a(NLR Aleph) 010026787
090 _a9928414
_c9928414
100 _a20140130d2013 km y0rusy50 ca
101 0 _arus
102 _aRU
105 _aa||||||||||||
200 1 _aКрасная книга
_iЖивотные нашего леса
_f[Очеретний А. Д.]
210 _aМосква
_cЭксмо
_d2013
215 _a94, [2] с.
_cцв. ил.
_d29
225 1 _aКрасная книга для больших и маленьких
320 _aАлф. указ. видов в конце кн.
606 _aКрасная книга животных
_92554931
_3RU\NLR\AUTH\661511658
610 0 _aэнциклопедии для детей
675 _a502.211:59(470)
686 1 _aЕ688
702 1 _aОчеретний
_bА. Д.
_gАлександр Дмитриевич
_4220
801 0 _aRU
_bRuMoRKP
_c20130923
_gRCR
801 2 _aRU
_bРГБ
_c20131119
_grcr
801 1 _aRU
_bRuMoRKP
_c20130923
_2rusmarc
942 _cBOOK
980 _aNBR